Women and the labour market in Japan's industrialising economy (Record no. 1097489)

MARC details
000 -LEADER
fixed length control field 00797nam a2200253Ia 4500
003 - CONTROL NUMBER IDENTIFIER
control field OSt
005 - DATE AND TIME OF LATEST TRANSACTION
control field 20221006152726.0
008 - FIXED-LENGTH DATA ELEMENTS--GENERAL INFORMATION
fixed length control field 221006b |||||||| |||| 00| 0 eng d
020 ## - INTERNATIONAL STANDARD BOOK NUMBER
International Standard Book Number 9780415297318
037 ## - SOURCE OF ACQUISITION
Terms of availability Textual
040 ## - CATALOGING SOURCE
Original cataloging agency EASL
Transcribing agency EASL
Language of cataloging eng
041 ## - LANGUAGE CODE
Source of code eng
Language code of text/sound track or separate title eng
100 ## - MAIN ENTRY--PERSONAL NAME
Personal name HUNTER Janet
9 (RLIN) 661534
245 #0 - TITLE STATEMENT
Title Women and the labour market in Japan's industrialising economy
Remainder of title The textile industry before the Pacific war
260 ## - PUBLICATION, DISTRIBUTION, ETC.
Place of publication, distribution, etc. London
Name of publisher, distributor, etc. Routledge Curzon
Date of publication, distribution, etc. 2003
300 ## - PHYSICAL DESCRIPTION
Extent 326p.
Dimensions cm.
490 ## - SERIES STATEMENT
Volume/sequential designation JEL
942 ## - ADDED ENTRY ELEMENTS (KOHA)
Classification part X8(M7):9F.42, P3
Koha item type Textual
Source of classification or shelving scheme Colon Classification (CC)
Holdings
Withdrawn status Lost status Source of classification or shelving scheme Damaged status Not for loan Home library Current library Date acquired Source of acquisition Serial Enumeration / chronology Total Checkouts Full call number Barcode Date last seen Price effective from Koha item type
    Colon Classification (CC)     Department of East Asian Studies Library Department of East Asian Studies Library 2022-10-06 1482, 25/01/2005, PTBook JEL   X8(M7):9F.42 P3 EA1231185 2022-10-06 2022-10-06 Textual
Copyright @ Delhi University Library System